000 00795nam a22002177a 4500
999 _c371027
_d371027
008 201130b ||||| |||| 00| 0 eng d
040 _bger
_cDE-2950
_erda
_aDE-2950
041 _ager
100 _aBraun, Matthias:
245 _aTrainer bietet eine ambitionierte Wette an.
_b3. Liga: Die Handballerinnen des Frankfurter HC empfangen am 30. Oktober den HC Rödertal zum Spitzenspiel./
_cMatthias Braun
264 _c2021
653 _aFrankfurt (Oder)
653 _aFrankfurter HC
653 _aHandball
653 _aHandballspiel
773 _dFrankfurt (Oder): Märkisches Verlags- und Druckhaus GmbH & Co KG
_g32. Jahrgang (2021) Nr. 248 vom 23.10/24.10.2021, S. 23
_tMärkische Oderzeitung
942 _cA